000 00617nam a2200217 i 4500
001 82222
003 ES-MaACL
005 20250415063057.0
007 t|
008 041201s2001 fr ||||1| fre d
020 _a2-08-068237-7
080 _a840-3"19"
100 1 _aHouellebecq, Michel,
_d1956-
_964324
245 1 0 _aPlateforme
_b: roman /
_cMichel Houellebecq.
260 _aParis :
_bFlammarion,
_c2001.
300 _a369 p. ;
_c21 cm.
490 1 _aAu milieu du monde ;
_v1
830 0 _aAu milieu du monde ;
_v1
_9231576
852 _aES-MaACL
_jE-10529
_bR.134668
999 _c82222
_d82222